Statistics for Countries by Continent with Highest Life Expectancy in 1950

Click here to take the quiz!

General Stats

  • This quiz has been taken 28 times
  • The average score is 21 of 30

Answer Stats

ContinentLife ExpectancyAnswer% Correct
Asia62.80Japan
100%
Oceania69.37Australia
96%
North America69.05Canada
96%
Oceania69.76New Zealand
96%
Europe72.80Norway
96%
North America68.71United States
96%
Europe71.06Denmark
92%
Europe71.86Sweden
92%
South America62.57Argentina
88%
Europe71.93Netherlands
88%
Africa48.52South Africa
88%
Oceania52.21Fiji
84%
South America66.14Uruguay
84%
Asia68.88Israel
80%
Europe72.23Iceland
76%
North America59.44Cuba
72%
South America58.83Guyana
72%
South America62.76Paraguay
72%
South America55.99Suriname
72%
North America60.02Bahamas
64%
Oceania58.63Tonga
60%
Asia66.73Cyprus
52%
North America58.61Jamaica
52%
Oceania54.58Micronesia
52%
Africa48.06Cape Verde
48%
Africa50.19Mauritius
44%
Africa47.67Botswana
36%
Asia60.65Georgia
36%
Asia62.82Armenia
32%
Africa48.54Zimbabwe
28%

Score Distribution

Percentile by Number Answered

Percent of People with Each Score

Your Score History

You have not taken this quiz